000 01325cam a2200169 4500500
005 20251228045956.0
041 _afre
042 _adc
100 1 0 _aTilliette, Xavier
_eauthor
245 0 0 _aYves Charles ZARKA. – Figures du pouvoir. Etudes de philosophie politique de Machiavel à Foucault. Paris, PUF, Fondements de la politique, 2001,162 p.
260 _c2002.
500 _a90
520 _aCet article discute la thèse de Bergson suivant laquelle toute philosophie consiste en l’explicitation d’une intuition première. A travers l’exemple de Schopenhauer, il s’attache à montrer que le point de départ d’une philosophie n’est pas une intuition, mais un problème que le philosophe s’efforce de résoudre par une « création » de concepts.
520 _aThis article discusses Bergsons’s assertion that each philosophy consists in the explication of a primeval intuition. It takes up the example of Schopenhauer and shows that the point of departure of his philosophy is not an intuition but a problem which the philosopher tries to solve through a « creation » of concepts.
786 0 _nArchives de philosophie | 65 | 3 | 2002-09-01 | p. 519c-534c | 0003-9632
856 4 1 _uhttps://shs.cairn.info/revue-archives-de-philosophie-2002-3-page-519c?lang=fr&redirect-ssocas=7080
999 _c1579510
_d1579510